[Event "Guillermo Garcia Memorial-D"]
[Site "Santa Clara"]
[Date "2024.05.18"]
[Round "6"]
[White "Borges Barroso, Yohan"]
[Black "Perez Perez, Enrique"]
[Result "0-1"]
[WhiteElo "2104"]
[BlackElo "2213"]
[PlyCount "90"]
[EventDate "2024.05.14"]
[EventType "swiss"]
[EventRounds "9"]
[EventCountry "CUB"]
[SourceTitle "CBM 220 Extra"]
[Source "ChessBase"]
[SourceDate "2024.07.31"]
[SourceVersion "1"]
[SourceVersionDate "2024.07.31"]
[SourceQuality "1"]

1. d4 Nf6 2. c4 g6 3. Nc3 d5 4. cxd5 Nxd5 5. e4 Nxc3 6. bxc3 Bg7 7. Nf3 c5 8. Be2 Nc6 9. Be3 Bg4 10. e5 cxd4 11. cxd4 0-0 12. 0-0 Rc8 13. Rb1 b6 14. Qd2 Na5 15. Rbc1 Qd5 16. h3 Be6 17. Ng5 Bd7 18. Bf3 Qb5 19. Bf4 Nc4 20. Qc2 Na3 21. Qd2 Nc4 22. Qe2 Na3 23. Qxb5 Nxb5 24. Be3 Nc3 25. Rc2 Bf5 26. Rd2 h6 27. g4 Bb1 28. Rxb1 Nxb1 29. Rb2 Na3 30. Ne4 Nc4 31. Rb3 Nxe3 32. fxe3 Rc2 33. Nc3 Rc8 34. Nd5 Bf8 35. Nb4 Rd2 36. Nc6 Rxa2 37. d5 Rc2 38. Rd3 e6 39. Bd1 Rc1 40. e4 R8xc6 41. dxc6 Rxc6 42. Rd7 a5 43. Rb7 Rc1 44. Rd7 a4 45. Kg2 a3 0-1

[Event "Guillermo Garcia Memorial-D"]
[Site "Santa Clara"]
[Date "2024.05.15"]
[Round "2"]
[White "Perez Perez, Enrique"]
[Black "Silva Martinez Del Canizo, Sebastian"]
[Result "1-0"]
[WhiteElo "2213"]
[BlackElo "1942"]
[PlyCount "53"]
[EventDate "2024.05.14"]
[EventType "swiss"]
[EventRounds "9"]
[EventCountry "CUB"]
[SourceTitle "CBM 220 Extra"]
[Source "ChessBase"]
[SourceDate "2024.07.31"]
[SourceVersion "1"]
[SourceVersionDate "2024.07.31"]
[SourceQuality "1"]

1. c4 Nf6 2. Nc3 g6 3. d4 Bg7 4. e4 d6 5. Bg5 0-0 6. Qd2 c5 7. Nf3 Qa5 8. d5 e6 9. Be2 exd5 10. cxd5 a6 11. 0-0 b5 12. Qf4 Nbd7 13. Nd2 Qc7 14. a4 b4 15. Nd1 Re8 16. Ne3 h6 17. Bxh6 Bxh6 18. Qxh6 Nxe4 19. Nxe4 Rxe4 20. Bd3 Re7 21. Ng4 Bb7 22. Rae1 Rae8 23. Re3 Rxe3 24. fxe3 Qd8 25. Bxg6 fxg6 26. Qxg6+ Kh8 27. Rf7 1-0